| 000 | 00571nam a2200205Ia 4500 | ||
|---|---|---|---|
| 005 | 20250923145417.0 | ||
| 008 | 008 250917s9999 xx 000 0 eng d | ||
| 037 | _aTextual | ||
| 040 |
_aDSWL _beng _cDSWL |
||
| 041 |
_aeng _2eng |
||
| 084 |
_aYX,ZAx, N77 _qDSWL |
||
| 245 | 0 |
_aIntegrating social work methods _cEd. by H. Specht |
|
| 260 |
_aLondon _bGeorge Allen & Unwin _c1977 |
||
| 300 | _a260 p. | ||
| 365 |
_aGBP _b2 . 95 |
||
| 700 |
_a A. Vickery _9835023 |
||
| 925 | _g2 . 95 | ||
| 942 |
_cTEXL _hYX,ZAx, N77 |
||
| 999 |
_c1451031 _d1451031 |
||